The second Cross / (Record no. 3594)

MARC details
000 -LEADER
fixed length control field 00473nam a22001817a 4500
003 - CONTROL NUMBER IDENTIFIER
control field GBCCL
005 - DATE AND TIME OF LATEST TRANSACTION
control field 20241126110458.0
008 - FIXED-LENGTH DATA ELEMENTS--GENERAL INFORMATION
fixed length control field 171129b xxu||||| |||| 00| 0 eng d
040 ## - CATALOGING SOURCE
Transcribing agency gbc
082 ## - DEWEY DECIMAL CLASSIFICATION NUMBER
Classification number 248.2
Item number CAR
100 ## - MAIN ENTRY--PERSONAL NAME
Personal name Carter, John M.
9 (RLIN) 7156
245 ## - TITLE STATEMENT
Title The second Cross /
Statement of responsibility, etc. John M. Carter
260 ## - PUBLICATION, DISTRIBUTION, ETC.
Place of publication, distribution, etc. Nashville:
Name of publisher, distributor, etc. Broadman Press,
Date of publication, distribution, etc. 1969
300 ## - PHYSICAL DESCRIPTION
Extent 128p.;
Dimensions 20 cm.
650 ## - SUBJECT ADDED ENTRY--TOPICAL TERM
Topical term or geographic name entry element Religious Experience
9 (RLIN) 7062
650 ## - SUBJECT ADDED ENTRY--TOPICAL TERM
Topical term or geographic name entry element Christian life
9 (RLIN) 183
942 ## - ADDED ENTRY ELEMENTS (KOHA)
Source of classification or shelving scheme Dewey Decimal Classification
Koha item type Books
Holdings
Withdrawn status Lost status Source of classification or shelving scheme Damaged status Not for loan Home library Current Library Shelving location Date acquired Total checkouts Full call number Barcode Date last seen Copy number Price effective from Koha item type
    Dewey Decimal Classification     GRACE BIBLE COLLEGE GRACE BIBLE COLLEGE Ministry & Mission 2017-11-29   248.2 CAR 007238 2025-05-01 c.1 2017-11-29 Books
© Grace Bible College Library 2025